00618nam a2200145 a 450000100100000000500170001000800410002704000250006824501770009326000510027030000200032104900090034195201050035099900170045500003338720200930070225.0110825s1902 dr 000 0 spa d aDO-SdBNPbspacBNPHU00aRectificaciones hechas por el ministro de Hacienda y Comercio de la República Dominicana Sr. Elias Brache Hijo al informe que produjo en la Cámara de de Representantes. aSanto Domingo :bTipografía Nacional,c1902. a26 p. ;c24 cm. aBNPD 001050718RVaPDbPDcHDd2011-08-25iLF1l0o p33387-10r2020-06-25w2020-06-25y1ZNo se presta c32878d32878